000 00385nam a22001697a 4500
005 20160624120740.0
008 160624b xxu||||| |||| 00| 0 eng d
020 _a978-81-203-3383-3
041 _aeng
082 _b9520
100 _aMajumdar, Ramanuj
_91524
245 _aProduct Management in India
260 _bPHI
300 _a417
650 _aManagement
_9241
942 _cBK
999 _c3820
_d3819